MARC

LEADER 00000nam0a2200000 4500
001 17586
005 20231030190941.0
035 |a (RuTPU)RU\TPU\book\17731 
035 |a BOOK00002419 
090 |a 17586 
100 |a 20011209d1961 km y0rusy50 ca 
101 0 |a rus 
102 |a RU 
105 |a y z 000zy 
200 1 |a История Германии от позднего средневековья до революции 1848 года  |f А. Д. Эпштейн 
210 |a Москва  |c ИМО  |d 1961 
215 |a 618 с. 
610 1 |a история 
610 1 |a Германия 
610 1 |a средние века 
610 1 |a 15 век 
610 1 |a 16 век 
610 1 |a 17 век 
610 1 |a 18 век 
610 1 |a 19 век 
610 1 |a тридцатилетняя война 
610 1 |a вестфальский мир 
610 1 |a экономика 
610 1 |a бранденбургско-прусское государство 
610 1 |a революция 1848 года 
686 |a Т3(4Гем)5  |v LBC/SL-A  |2 rubbk 
700 1 |a Эпштейн  |b А. Д.  |g Александр Давидович 
801 0 |a RU  |b 63413507  |c 20011209  |g PSBO 
801 2 |a RU  |b 63413507  |c 20130429  |g PSBO 
942 |c BK